Finnish Presidents by Picture - Statistics

General Stats
  • This quiz has been taken 539 times
  • The average score is 11 of 13
Answer Stats
Picture Answer % Correct
Alexander Stubb
99%
Sauli Niinistö
99%
Tarja Halonen
98%
Urho Kekkonen
98%
Carl Mannerheim
94%
Martti Ahtisaari
87%
Mauno Koivisto
81%
Risto Ryti
81%
K. J. Ståhlberg
77%
Kyösti Kallio
69%
J. K. Paasikivi
66%
P. E. Svinhufvud
66%
Lauri Relander
55%
No matching quizzes found
Score Distribution
Percent of People with Each Score
Percentile by Number Answered
Your Score History
You have not taken this quiz